000 nam a22 a 4500
999 _c847
_d847
003 AKMAL
005 20170505144419.0
008 170505s2009 my | e l 000 0 eng d
020 _a9789678919821 (pbk.)
040 _aAKMAL
082 0 4 _a343.5950552 MAL
_222
090 0 0 _a343.5950552
_bMAL
110 1 _aMalaysia
_9400
240 1 0 _aAkta Cukai Jualan, 1972.
_lEnglish
245 1 0 _aSales Tax Act 1972 (Act 64) & Regulations :
_b(as at 20th February 2009) /
_ccompiled by Legal Research Board
260 _aPetaling Jaya :
_bInternational Law Book Services,
_c2009
300 _a159p. ;
_c24cm.
490 1 _aLaws of Malaysia
650 1 0 _aSales tax
_xLaw and legislation
_zMalaysia
_9621
710 2 _aLembaga Penyelidikan Undang-Undang
_91831
830 0 _aLaws of Malaysia
_91830
942 _2ddc
_cBOOK
950 _lAKMAL